Counted out (Record no. 74654)
[ view plain ]
| 000 -LEADER | |
|---|---|
| fixed length control field | 01054cab a2200217 4500 |
| 001 - CONTROL NUMBER | |
| control field | ABS68552 |
| 008 - FIXED-LENGTH DATA ELEMENTS--GENERAL INFORMATION | |
| fixed length control field | 041207n2004 000 0 eng u |
| 035 ## - SYSTEM CONTROL NUMBER | |
| System control number | (Sirsi) u128225 |
| 100 ## - MAIN ENTRY--PERSONAL NAME | |
| Personal name | Grant, K. |
| 245 ## - TITLE STATEMENT | |
| Title | Counted out |
| 260 ## - PUBLICATION, DISTRIBUTION, ETC. | |
| Date of publication, distribution, etc. | 2004 |
| 490 ## - SERIES STATEMENT | |
| Series statement | Inside Housing |
| Volume/sequential designation | 21(47) 26 November 2004, 40-41(2) |
| 520 ## - SUMMARY, ETC. | |
| Summary, etc. | Reports on Cheshire's serious housing problems behind its image as being one of northern England's wealthiest areas. There are pockets of severe deprivation and demand for affordable housing far outstrips supply with most of Cheshire's council stock already transferred to housing associations. Presents views on and solutions to the failing housing market in Cheshire. Table covers Cheshire's housing challenge-new homes in the 2004-06 approved development programmes and waiting lists. |
| 590 ## - LOCAL NOTE (RLIN) | |
| Local note | ABS |
| 650 ## - SUBJECT ADDED ENTRY--TOPICAL TERM | |
| Topical term or geographic name entry element | APPROVED DEVELOPMENT PROGRAMME |
| 650 ## - SUBJECT ADDED ENTRY--TOPICAL TERM | |
| Topical term or geographic name entry element | STOCK TRANSFER |
| 650 ## - SUBJECT ADDED ENTRY--TOPICAL TERM | |
| Topical term or geographic name entry element | CHESHIRE |
| 650 ## - SUBJECT ADDED ENTRY--TOPICAL TERM | |
| Topical term or geographic name entry element | HOUSING PROBLEMS |
| 690 ## - LOCAL SUBJECT ADDED ENTRY--TOPICAL TERM (OCLC, RLIN) | |
| Topical term or geographic name as entry element | PROPERTY-RESIDENTIAL PROPERTY-RESIDENTIAL PROPERTY MARKET |
| 942 ## - ADDED ENTRY ELEMENTS (KOHA) | |
| Suppress in OPAC | 0 |
| Withdrawn status | Lost status | Source of classification or shelving scheme | Damaged status | Not for loan | Home library | Current library | Shelving location | Date acquired | Total Checkouts | Full call number | Barcode | Date last seen | Copy number | Price effective from | Koha item type |
|---|---|---|---|---|---|---|---|---|---|---|---|---|---|---|---|
| Dewey Decimal Classification | London | London | Journal article | 07/12/2004 | ABS68552 | 128225-1001 | 06/08/2019 | 1 | 06/08/2019 | Journal article |